00908nam a2200253 a 450000100060000000300080000600500170001400800410003103500190007204000260009104100080011708200260012510000360015124500600018726000480024730000330029549000500032850000210037865000270039983000580042694200120048499900170049695201410051369771BD-RjUL20211209081926.0170413s1961 nyu 001 0 eng d a(BD-RjUL)69983 aBD-RjULbengcBD-RjUL aeng 223a515.733bBEI 19611 aBerberian, Sterling K.,915149810aIntroduction to Hilbert space /cSterling K. Berberian. aNew York :bOxford University Press,c1961. axi, 206 p. :bill. ;c22 cm.1 aUniversity texts in the mathematical sciences aIncludes Indexes 0aHilbert space.9206662 0aUniversity texts in the mathematical sciences9206670 2ddccBK c69771d69771 00102ddc40718NFICaRUCLbRUCLcReadingd1964-03-06eZeitlingerg52.00l0o515.733 BEI 1961r2017-04-13 00:00:00tC-1w2017-04-13yBK